000 00254nam a2200085Ia 4500
245 0 _aTake the reins
100 _a Burkhart, Jessica New York, [c.2009] 1st Aladdin Paperbacks ed
_9100538
942 _cBK
008 210818s9999 xx 000 0 und d
999 _c431775
_d431773